| 000 | 00485nam a2200169 4500 | ||
|---|---|---|---|
| 001 | 112686 | ||
| 003 | ES-MaACL | ||
| 005 | 20230906185608.0 | ||
| 007 | t| | ||
| 008 | 061121s1946 sp r ||||1| spa d | ||
| 100 | 1 |
_aNieto Lanzos, Abelardo. _985696 |
|
| 245 | 1 | 3 |
_aEl General Ricardos / _cAbelardo Nieto Lanzos. |
| 260 |
_aMadrid : _bGran Capitán, _c1946. |
||
| 300 |
_a130 p., 1 lám. ; _c20 cm. |
||
| 500 | _aCon retrato del biografiado. | ||
| 852 |
_aES-MaACL _jC-5095 _bR.25636 |
||
| 999 |
_c112686 _d112686 |
||